| 000 | 01270nab a22002777a 4500 | ||
|---|---|---|---|
| 999 |
_c5561 _d5561 |
||
| 003 | OSt | ||
| 005 | 20251218083433.0 | ||
| 008 | 190429b xxu||||| |||| 00| 0 spa d | ||
| 040 | _cPJ | ||
| 100 |
_95637 _aPravia, Alberto |
||
| 245 | 1 | 0 |
_aLibertad probatoria, hecho y prueba con acertado decisorio y equívoco encuadre legal / _cAlberto Pravia. |
| 260 |
_cCiudad Autónoma de Buenos Aires : _aThomson Reuters La Ley, _b2025. |
||
| 300 | _ap. 132-139 | ||
| 500 | _aCita: TR LALEY AR/DOC/410/2025. | ||
| 505 | _aFallo comentado: Trib. Impugnación Penal, Santa Rosa, Sala B ~ 22/08/2024 ~ B., E. J. s/ recurso de Impugnación. | ||
| 505 | _aFallo comentado: CS ~ 28/05/2024 ~ Maidana, Karina de Lourdes y otros s/ sup/ robo calificado —capital— expte N.º 8768 C.C.1. | ||
| 505 | _tSi te interesa el texto completo, solicitalo a koha@justierradelfuego.gov.ar | ||
| 650 | 0 |
_9343 _aDERECHO PENAL |
|
| 650 | 0 |
_92348 _aPROCESO PENAL |
|
| 650 | 0 |
_91975 _aPRUEBA |
|
| 650 | 0 |
_93183 _aROBO |
|
| 650 | 0 |
_92794 _aARMA DE FUEGO |
|
| 650 | 0 |
_96539 _aREGLAS DE LA SANA CRÍTICA |
|
| 773 | 0 |
_02658 _93164 _tRevista de derecho penal y criminología. Nº 3 - Abril 2025 _dCiudad Autónoma de Buenos Aires : Thomson Reuters La Ley, 2017- _x00347914 |
|
| 942 |
_2udc _cANA |
||